Tabla Periodica por Simbolo (ordenado) - Estadísticas

Estadísticas generales
  • Esta prueba ha sido intentada 906 veces
  • La puntuación promedio es 57 de 73
Estadísticas de respuestas
% Correcto
1 H Hidrógeno
100%
3 Li Litio
100%
2 He Helio
99%
7 N Nitrógeno
99%
8 O Oxígeno
99%
6 C Carbono
98%
12 Mg Magnesio
98%
13 Al Aluminio
97%
4 Be Berilio
97%
17 Cl Cloro
97%
11 Na Sodio
97%
19 K Potasio
96%
20 Ca Calcio
95%
26 Fe Hierro
95%
14 Si Silicio
95%
5 B Boro
94%
9 F Flúor
94%
35 Br Bromo
93%
18 Ar Argón
92%
24 Cr Cromo
92%
15 P Fosforo
91%
10 Ne Neón
91%
28 Ni Niquel
91%
29 Cu Cobre
90%
25 Mn Manganeso
90%
16 S Azufre
89%
27 Co Cobalto
89%
79 Au Oro
87%
31 Ga Galio
86%
36 Kr Kriptón
86%
37 Rb Rubidio
86%
47 Ag Plata
85%
34 Se Selenio
85%
54 Xe Xenón
85%
22 Ti Titanio
84%
53 I Yodo
81%
32 Ge Germanio
80%
56 Ba Bario
79%
87 Fr Francio
79%
33 As Arsenico
78%
88 Ra Radio
78%
38 Sr Estroncio
77%
30 Zn Cinc
76%
55 Cs Cesio
75%
82 Pb Plomo
74%
48 Cd Cadmio
73%
80 Hg Mercurio
73%
23 V Vanadio
72%
49 In Indio
70%
21 Sc Escandio
69%
78 Pt Platino
69%
74 W Wolframio
69%
83 Bi Bismuto
66%
84 Po Polonio
66%
50 Sn Estaño
65%
52 Te Telurio
64%
46 Pd Paladio
63%
76 Os Osmio
60%
51 Sb Antimonio
57%
77 Ir Iridio
57%
39 Y Itrio
57%
86 Rn Radón
57%
42 Mo Molibdeno
56%
40 Zr Circonio
55%
43 Tc Tecnecio
52%
85 At Astato
51%
41 Nb Niobio
50%
81 Tl Talio
50%
45 Rh Rodio
49%
73 Ta Tántalo
48%
72 Hf Hafnio
47%
44 Ru Rutenio
47%
75 Re Renio
46%
No se encontraron pruebas coincidentes
Distribución de puntuación
Porcentaje de gente con cada puntuación
Porcentaje por número respondido
Historial de tus puntuaciones
No has intentado esta prueba.